[Event "CAT-chT 2020"]
[Site "Catalonia"]
[Date "2020.02.15"]
[Round "5.10"]
[White "Anguera Maestro, Jaime"]
[Black "Ramirez Carrizo, Victor Jose"]
[Result "1-0"]
[WhiteElo "2022"]
[BlackElo "2190"]
[Annotator "ChessBase"]
[PlyCount "85"]
[EventDate "2020.01.18"]
[EventType "team-tourn"]
[EventCountry "ESP"]
[SourceTitle "playchess.com"]
[Source "ChessBase"]
[SourceQuality "1"]
[TimeControl "5400+30"]

1. d4 d5 2. Nf3 Nf6 3. Bf4 e6 4. e3 Bd6 5. Bg3 O-O 6. Bd3 b6 7. Nbd2 Bb7 8. Ne5 c5 9. c3 Nc6 10. O-O Ne7 11. Ng4 Ne4 12. Bxd6 Qxd6 13. f3 Nxd2 14. Qxd2 Rad8 15. f4 f6 16. Rf3 Nf5 17. Rh3 Qe7 18. Nf2 g6 19. Nh1 Nd6 20. Qf2 Ne4 21. Qh4 Rd7 22. Rf1 c4 23. Bc2 b5 24. g4 b4 25. Bxe4 dxe4 26. Qe1 a5 27. Nf2 Bd5 28. Nd1 Rb7 29. Rf2 Rfb8 30. Rg3 Bc6 31. Rgg2 Ba4 32. Rd2 Qd6 33. h3 Qd5 34. Kh2 Rf8 35. g5 fxg5 36. Rxg5 Rf5 37. Rgg2 Kh8 38. Nf2 Rg7 39. Ng4 g5 40. Ne5 Qb7 41. fxg5 Rfxg5 42. Qg1 Qe7 43. Rxg5 1-0

[Event "CAT-chT 2020"]
[Site "Catalonia"]
[Date "2020.02.22"]
[Round "6.1"]
[White "Parligras, Mircea-Emilian"]
[Black "Panelo, Marcelo"]
[Result "1/2-1/2"]
[WhiteElo "2605"]
[BlackElo "2374"]
[Annotator "TA"]
[PlyCount "139"]
[EventDate "2020.01.18"]
[EventType "team-tourn"]
[EventCountry "ESP"]
[SourceTitle "playchess.com"]
[Source "ChessBase"]
[SourceQuality "1"]

{[%evp 16,139,16,14,41,38,45,38,37,34,42,35,51,45,41,39,43,39,40,18,75,49,84,74,86,89,85,82,83,82,108,102,106,96,106,106,106,108,106,90,100,95,117,117,117,117,117,116,120,120,120,120,125,93,258,259,258,258,247,125,125,125,125,125,125,77,77,77,77,77,77,77,77,77,77,77,77,77,77,77,77,77,77,68,68,68,68,68,77,54,54,8,8,8,8,8,8,8,8,8,104,104,104,0,0,0,0,0,0,0,0,0,0,0,0,0,0,0,0,0,0,0,0,0,0,0]} 1. d4 Nf6 2. c4 e6 3. Nf3 Bb4+ 4. Bd2 Bxd2+ 5. Qxd2 d5 6. Nc3 O-O 7. e3 Qe7 8. cxd5 exd5 9. Bd3 c5 {E11: Bogo-Indian.} 10. dxc5 Qxc5 11. Rc1 Nc6 {White is slightly better.} 12. O-O Bg4 {[#]} 13. Be2 $146 ({Predecessor:} 13. Nb5 Qb6 14. Nbd4 Rfe8 15. Bf5 Ne4 16. Qc2 Bxf3 17. Nxf3 Nb4 18. Qb3 Nc6 19. Qc2 Nb4 20. Qb3 Nc6 {½-½ (20) Kormos,L (2086)-Orgovan,S (2243) Hungary 2011}) 13... Rad8 14. Rfd1 Qa5 15. Nb5 Qb6 16. Nfd4 Ne4 17. Qe1 Bc8 (17... Bxe2 $11 18. Qxe2 Rfe8) 18. b3 Rfe8 19. Nc3 Nxd4 20. Rxd4 Nxc3 21. Qxc3 Be6 22. Qd2 h6 23. Bf3 Rd7 24. Bxd5 Rxd5 25. Rxd5 Bxd5 26. Qxd5 $16 {[%mdl 4096] Endgame KQR-KQR} Rd8 27. Qc4 Qa5 28. a4 Qf5 29. h3 Kh7 30. Qc2 Qxc2 31. Rxc2 {KR-KR} Rd1+ 32. Kh2 f6 33. Rc7 b6 34. b4 Ra1 $2 (34... a6 $16 {was worth a try.}) 35. Rxa7 $18 b5 36. a5 {And now Rb7 would win.} Ra4 37. Rb7 (37. Kg3 $18) 37... Rxb4 $16 38. a6 {[%cal Ba5a6,Ba6a7][%mdl 32]} Ra4 39. a7 b4 40. h4 h5 41. e4 b3 42. Kg3 (42. Rxb3 {looks sharper.} Rxa7 43. f3 Kg6 44. Rb6 Ra2 45. Rb7) 42... b2 43. Rxb2 Rxa7 44. Kf4 Ra4 45. f3 Kg6 46. Rc2 Rb4 47. Ra2 Rc4 48. Ke3 Rc1 49. Ra6 Rc2 50. g3 $1 Rc3+ 51. Kf4 Rc4 52. g4 hxg4 53. fxg4 Rc1 54. e5 {Strongly threatening h5+.} Rf1+ 55. Kg3 {Black should prevent exf6.} Rg1+ 56. Kf3 Rf1+ 57. Kg2 Re1 (57... Rb1 $11 {remains equal.}) 58. exf6 gxf6 59. g5 (59. Ra5 $16) 59... Kh5 $11 {The position is equal.} 60. gxf6 {[#] White threatens f7 and mate.} Kg6 61. h5+ Kf7 62. h6 Re5 63. Kf3 {aiming for h7.} Kg6 64. Kf4 Re1 65. h7 Kxh7 66. Kf5 {[#] Ra8 is the strong threat.} Kg8 67. Re6 Rf1+ 68. Ke5 $1 Kf7 {( -> ...Re1+)} 69. Re7+ Kf8 70. Ra7 {Black escapes into a draw. Accuracy: White = 85%, Black = 84%.} 1/2-1/2

[Event "CAT-chT 2020"]
[Site "Catalonia"]
[Date "2020.02.22"]
[Round "6.1"]
[White "Munoz, Miguel"]
[Black "Lopez Martinez, Josep Manuel"]
[Result "1/2-1/2"]
[WhiteElo "2471"]
[BlackElo "2539"]
[Annotator "TA"]
[PlyCount "23"]
[EventDate "2020.01.18"]
[EventType "team-tourn"]
[EventCountry "ESP"]
[SourceTitle "playchess.com"]
[Source "ChessBase"]
[SourceQuality "1"]

{[%evp 17,23,0,0,0,-3,-12,4,0]} 1. e4 e5 2. Nf3 Nc6 3. Bb5 Nf6 4. Nc3 Bb4 5. O-O O-O 6. Bxc6 dxc6 7. Nxe5 Bxc3 8. dxc3 Nxe4 9. Qxd8 Rxd8 {The position is equal.} 10. Bf4 {C49: Four Knights: 4 Bb5 Bb4.} Nc5 11. Nf3 Ne6 12. Rad1 {A rather calm draw.} 1/2-1/2

[Event "CAT-chT 2020"]
[Site "Catalonia"]
[Date "2020.02.22"]
[Round "6.2"]
[White "Cuartas, Jaime Alexander"]
[Black "Valenzuela Gomez, Fernando Alberto"]
[Result "1/2-1/2"]
[WhiteElo "2508"]
[BlackElo "2335"]
[Annotator "TA"]
[PlyCount "32"]
[EventDate "2020.01.18"]
[EventType "team-tourn"]
[EventCountry "ESP"]
[SourceTitle "playchess.com"]
[Source "ChessBase"]
[SourceQuality "1"]

{[%evp 17,32,16,18,0,0,-25,-5,-4,0,-14,0,-30,-30,-29,-39,-48,-35]} 1. d4 Nf6 2. Nf3 g6 3. g3 d5 4. c4 dxc4 5. Qa4+ Nc6 6. Bg2 Nd7 7. Qxc4 Nb6 8. Qc2 Bg7 9. O-O O-O 10. Rd1 {D76: Fianchetto Grünfeld: Main Line with 7...Nb6.} Bf5 ({Don't go for} 10... Nxd4 $2 11. Nxd4 Bxd4 12. e3 $18) ({Weaker is} 10... Bxd4 11. e3 $16) 11. Qc5 Qd6 12. Qxd6 {The position is equal.} cxd6 13. Nc3 Bg4 14. Bg5 h6 {[#]} 15. Be3 $146 ({Predecessor:} 15. d5 Bxf3 16. Bxf3 Nxd5 17. Rxd5 hxg5 18. Rb5 Rab8 19. e3 a6 20. Rb6 Ne5 21. Be2 Rfc8 22. Rd1 {0-1 (30) Batinic,P (2223)-Predojevic,B (2490) Neum 2004}) 15... Nc4 16. h3 Nxe3 {Black did not feel at home in the position after the opening.} 1/2-1/2

[Event "CAT-chT 2020"]
[Site "Catalonia"]
[Date "2020.02.22"]
[Round "6.2"]
[White "Boix Moreno, Daniel"]
[Black "Aguero Jimenez, Luis Lazaro"]
[Result "0-1"]
[WhiteElo "2255"]
[BlackElo "2495"]
[Annotator "ChessBase"]
[PlyCount "34"]
[EventDate "2020.01.18"]
[EventType "team-tourn"]
[EventCountry "ESP"]
[SourceTitle "playchess.com"]
[Source "ChessBase"]
[SourceQuality "1"]
[TimeControl "5400+30"]

1. e4 {[%emt 0:00:00]} c5 2. Nf3 {[%emt 0:00:00]} e6 {[%emt 0:00:00]} 3. Nc3 {[%emt 0:00:05]} Nc6 {[%emt 0:00:00]} 4. Bb5 {[%emt 0:00:51]} Nge7 {[%emt 0:00:00]} 5. O-O {[%emt 0:00:18]} Ng6 6. Re1 {[%emt 0:04:33]} Be7 {[%emt 0:00:28]} 7. b3 {[%emt 0:08:10]} O-O {[%emt 0:00:22]} 8. Bb2 {[%emt 0:06:50]} Qc7 {[%emt 0:00:53]} 9. Bxc6 bxc6 10. Na4 {[%emt 0:20:33]} e5 {[%emt 0:04:16]} 11. c3 {[%emt 0:00:39]} d5 12. d3 {[%emt 0:19:15]} f5 {[%emt 0:06:00]} 13. Qc2 {[%emt 0:08:54]} fxe4 {[%emt 0:07:39]} 14. dxe4 {[%emt 0:00:10]} Rxf3 {[%emt 0:01:10]} 15. gxf3 {[%emt 0:00:08]} Qd7 16. Qe2 Nf4 {[%emt 0:05:57]} 17. Qf1 {[%emt 0:16:26]} Qd6 {[%emt 0:00:07]} 0-1

[Event "CAT-chT 2020"]
[Site "Catalonia"]
[Date "2020.02.22"]
[Round "6.3"]
[White "Esplugas Esteve, Vicenc"]
[Black "Rizouk, Aimen"]
[Result "0-1"]
[WhiteElo "2314"]
[BlackElo "2439"]
[Annotator "TA"]
[PlyCount "88"]
[EventDate "2020.01.18"]
[EventType "team-tourn"]
[EventCountry "ESP"]
[SourceTitle "playchess.com"]
[Source "ChessBase"]
[SourceQuality "1"]

{[%evp 11,88,-8,12,0,0,0,0,0,34,45,54,42,20,0,0,0,0,0,0,0,0,0,63,-35,0,-2,-14,-25,-31,-84,-82,-141,-136,-289,-285,-410,-106,-131,-143,-199,-205,-189,-190,-168,-125,-229,-226,-302,-302,-310,-249,-256,-237,-247,-227,-271,-225,-222,-222,-272,-254,-246,-214,-316,-335,-322,-328,-330,-336,-420,-366,-359,-361,-352,-350,-541,-535,-520,-499]} 1. d4 Nf6 2. c4 e6 3. Nc3 Bb4 4. f3 d5 5. a3 Bxc3+ 6. bxc3 c6 7. e4 {E20: Nimzo-Indian: 4 g3 and 4 f3.} dxe4 8. fxe4 {Hoping for e5.} e5 $1 9. Nf3 {The position is equal.} Qa5 10. Bd2 Nxe4 11. Bd3 $1 {[%cal Rd3e4]} Nxd2 12. Qxd2 exd4 {[#]} 13. cxd4 $146 ({Predecessor:} 13. O-O Be6 14. Rab1 dxc3 15. Qf4 Nd7 16. Qh4 h6 17. Rxb7 O-O 18. Qe4 Nf6 19. Qxc6 {0-1 (29) Kuybokarov,T (2472)-Macieja,B (2550) chess.com INT 2018}) 13... Qxd2+ 14. Kxd2 O-O 15. Rhe1 Nd7 16. Re7 h6 (16... Nf6 $11) 17. Kc3 (17. Rae1 $14) 17... Rb8 18. a4 Rd8 19. g4 Kf8 $36 {[%mdl 2048] Black has some pressure.} 20. Rae1 ({White should try} 20. Ree1 $15) 20... Nb6 $17 {[%mdl 64] Discovered Attack} 21. a5 (21. R7e4 $142) 21... Na4+ 22. Kc2 $2 (22. Kb3 $17 {was worth a try.} Bxg4 23. R7e3) 22... Bxg4 $19 23. Nh4 (23. R7e3 {keeps fighting.} Bxf3 24. Rxf3 Rxd4 25. Bg6) 23... Rd7 $2 (23... Rxd4 $19 {and Black stays clearly on top.} 24. R7e4 Rbd8 25. Rxd4 Rxd4) 24. R7e4 h5 25. Rf1 (25. Be2 $17) 25... Kg8 $1 26. Nf5 {[#]} Bxf5 $1 27. Rxf5 Rbd8 28. Rxh5 (28. a6 $17 {was called for.}) 28... Rxd4 29. Rxd4 Rxd4 $17 {[%mdl 4096] Endgame KRB-KRN} 30. Be2 b6 31. Re5 {[#]} Kf8 $1 32. Rh5 Nc5 33. Rh8+ Ke7 34. Ra8 Rd7 35. Bf3 Rc7 36. axb6 axb6 37. Rb8 (37. Rg8 $142) 37... Nd7 $19 38. Rg8 g6 39. Kc3 Ne5 40. Bg2 Rd7 41. Rb8 Rd3+ 42. Kc2 Re3 43. Bf1 (43. Kd1 $142) 43... Re1 44. Bd3 Rh1 {Accuracy: White = 50%, Black = 77%.} 0-1

[Event "CAT-chT 2020"]
[Site "Catalonia"]
[Date "2020.02.22"]
[Round "6.4"]
[White "Hernandez Cigaran, Cristian"]
[Black "Pang, Khai Jie Ryan"]
[Result "1/2-1/2"]
[WhiteElo "2352"]
[BlackElo "1841"]
[Annotator "NA"]
[PlyCount "36"]
[EventDate "2020.01.18"]
[EventType "team-tourn"]
[EventCountry "ESP"]
[SourceTitle "playchess.com"]
[Source "ChessBase"]
[SourceQuality "1"]
[TimeControl "5400+30"]

1. d4 Nf6 2. Nf3 d5 3. c4 e6 4. Nc3 Be7 5. Bf4 O-O 6. e3 Nbd7 7. Qc2 c5 8. Rd1 b6 9. cxd5 Nxd5 10. Nxd5 exd5 11. dxc5 Nxc5 12. Be2 Bb7 13. O-O Rc8 14. Qb1 Bf6 15. Be5 Bxe5 16. Nxe5 Qf6 17. Nf3 Ne4 18. Nd4 Rc5 1/2-1/2

[Event "CAT-chT 2020"]
[Site "Catalonia"]
[Date "2020.02.22"]
[Round "6.4"]
[White "Gallart Zafra, Jaume"]
[Black "Lillo Castany, Victor"]
[Result "0-1"]
[WhiteElo "2165"]
[BlackElo "2326"]
[Annotator "NA"]
[PlyCount "24"]
[EventDate "2020.01.18"]
[EventType "team-tourn"]
[EventCountry "ESP"]
[SourceTitle "playchess.com"]
[Source "ChessBase"]
[SourceQuality "1"]
[TimeControl "5400+30"]

1. e4 {[%emt 0:00:37]} e5 {[%emt 0:00:00]} 2. Nf3 {[%emt 0:00:05]} Nc6 {[%emt 0:00:00]} 3. d4 exd4 {[%emt 0:00:00]} 4. Nxd4 {[%emt 0:00:55]} Qf6 5. Be3 {[%emt 0:00:50]} Bc5 {[%emt 0:00:32]} 6. c3 {[%emt 0:00:06]} Nge7 {[%emt 0:00:16]} 7. Bc4 O-O {[%emt 0:01:19]} 8. O-O {[%emt 0:00:24]} b6 {[%emt 0:04:48]} 9. Na3 {[%emt 0:18:56]} Bb7 {[%emt 0:19:09]} 10. Nxc6 Bxc6 {[%emt 0:00:05]} 11. Bxc5 {[%emt 0:01:50]} bxc5 {[%emt 0:04:26]} 12. Re1 Rab8 0-1

[Event "CAT-chT 2020"]
[Site "Catalonia"]
[Date "2020.02.22"]
[Round "6.5"]
[White "Sama Salinas, Hector"]
[Black "Gonzalez Verges, Alex"]
[Result "1-0"]
[WhiteElo "2296"]
[BlackElo "2203"]
[Annotator "TA"]
[PlyCount "129"]
[EventDate "2020.01.18"]
[EventType "team-tourn"]
[EventCountry "ESP"]
[SourceTitle "playchess.com"]
[Source "ChessBase"]
[SourceQuality "1"]

{[%evp 16,129,24,18,23,8,25,29,34,35,26,0,9,-100,-64,-115,-90,-154,-101,-109,-22,-55,-9,-21,-32,-44,-25,-113,-110,-142,-72,-68,-41,-37,-10,-93,-1,-7,0,0,0,-16,-31,-23,-29,-14,-10,-105,-83,-79,-72,-240,87,85,495,497,869,856,788,483,734,741,711,718,702,672,857,856,818,804,29990,29987,29987,29988,29982,669,669,675,653,643,710,706,685,685,733,727,935,930,902,900,864,833,933,927,945,941,1014,1013,1000,984,1139,1112,29968,29969,29966,29967,29964,29970,29968,29971,29965,4448,29970,29967,29979,29975]} 1. Nf3 Nf6 2. g3 g6 3. Bg2 Bg7 4. O-O O-O 5. d4 d6 6. Re1 Nbd7 7. e4 e5 8. Nc3 $1 {8.Nc3 scores better than 8.c3.} c6 9. a4 exd4 {B07: Pirc Defence: Miscellaneous Systems.} 10. Nxd4 a5 11. Nb3 Qc7 {White has an edge.} 12. h3 Re8 13. f4 {[#]} b6 $146 ({Predecessor:} 13... Nb6 14. Nd4 Bd7 15. Qd3 Nbd5 16. Be3 Nxe3 17. Rxe3 Qb6 18. Rae1 Nxe4 19. Rxe4 Bxd4+ {0-1 (54) Vocaturo,D (2226)-Moser,E (2447) Verona 2005}) 14. e5 (14. Be3 $11) 14... dxe5 $17 {[#]} 15. Qf3 (15. Nb5 $1 $15 {[%mdl 512]} cxb5 16. Bxa8) 15... Bb7 16. Be3 ({Better is} 16. f5) 16... e4 (16... Nd5 $142 {Threatens to win with ...Nxc3.} 17. Nxd5 cxd5) 17. Qf2 c5 (17... Nd5 $17 18. Nxe4 f5) 18. Rad1 Qc6 19. g4 Rad8 20. Rd2 Nf8 21. Red1 (21. Rxd8 $11 Rxd8 22. f5) 21... Rxd2 22. Qxd2 h6 ({Black should play} 22... Re7 23. Qe1 h5) 23. Qd6 N6d7 24. Nb5 Re6 25. Qd2 (25. Qxc6 $11 {remains equal.} Bxc6 26. f5) 25... f5 (25... Nf6 $1 $17) 26. Bf1 $11 Kh7 ({But not} 26... Bxb2 $2 27. Bc4 $18) 27. Nd6 {And now Bb5 would win.} Re7 ({Much worse is} 27... Bxb2 $6 28. Nxb7 Qxb7 29. c3 $16) 28. Bb5 Qc7 29. gxf5 Nf6 $1 30. fxg6+ Nxg6 {Strongly threatening ...Bc6.} 31. Nf5 (31. Nxb7 $11 Qxb7 32. Kh2) 31... Nd5 {White must now prevent ...Rf7.} 32. Nxe7 Qxe7 33. c4 $2 {[#]} (33. Qf2 $17) 33... Nb4 $2 (33... Nh4 $1 $19 {[%cal Rh4f3] aiming for ...Nf3+.} 34. Qe2 Nf3+ 35. Kf2 Qh4+ {[%mdl 64] Double Attack} 36. Kg2 Nxf4+ 37. Bxf4 Qxf4) 34. Qd7 $16 Nd3 $2 {[%mdl 8192]} (34... Qh4 $16 {is more resistant.} 35. Qg4 Nd3) 35. f5 $18 Qf6 (35... Qxd7 $142 36. fxg6+ (36. Bxd7 Nh4 $14) 36... Kxg6 37. Bxd7 Kf7) 36. fxg6+ Qxg6+ 37. Qg4 Qf6 (37... Bxb2 $142 38. Qxg6+ Kxg6 39. Be8+ Kf6 40. Rf1+ Ke6 41. Bxh6 Ne5) 38. Rf1 Qe7 39. Qf5+ Kh8 40. Qh5 Qd6 {intending ...Qg3+.} 41. Qe8+ Kh7 42. Bd7 {Bf5+ would kill now.} Qg3+ 43. Kh1 Ne5 44. Bf5+ Ng6 45. Bxg6+ (45. Nd2 $142 Be5 46. Bxg6+ {[%mdl 64] Overworked Piece} Qxg6 47. Qxe5 Qg7 48. Qe8 Bc8 {[#]} 49. Rf7 $1 {[%mdl 512]} Kg6 50. Rf8+ Kh7 51. Qxe4+ Bf5 52. Qxf5+ Qg6 53. Rf7+ Kh8 54. Qxg6 h5 55. Qh7#) 45... Qxg6 46. Qxg6+ Kxg6 47. Nd2 Bc6 48. b3 Bc3 49. Kg1 Be5 50. Kf2 h5 51. Rg1+ Kf6 52. Rg5 h4 53. Nf1 Bd7 54. Rh5 Bxh3 55. Rxh4 Bf5 56. Ng3 Bg6 57. Nxe4+ Kf5 58. Kf3 Bc7 59. Bf4 Bd8 60. Rh8 Be7 61. Bd6 Bxd6 62. Nxd6+ Ke5 63. Nc8 (63. Rd8 $142 Bc2 64. Nc8 Bxb3 65. Nxb6 Ke6 66. Rd2 Ke7 67. Rd5 Bc2 68. Rxc5) 63... Bc2 64. Rd8 Bxb3 65. Nxb6 {Accuracy: White = 52%, Black = 46%.} 1-0

[Event "CAT-chT 2020"]
[Site "Catalonia"]
[Date "2020.02.22"]
[Round "6.5"]
[White "Fernandez Soriano, Ruben"]
[Black "Alonso Moyano, Jonathan"]
[Result "1/2-1/2"]
[WhiteElo "2181"]
[BlackElo "2344"]
[Annotator "ChessBase"]
[PlyCount "45"]
[EventDate "2020.01.18"]
[EventType "team-tourn"]
[EventCountry "ESP"]
[SourceTitle "playchess.com"]
[Source "ChessBase"]
[SourceQuality "1"]
[TimeControl "5400+30"]

1. d4 f5 2. Bg5 g6 3. Nd2 Bg7 4. e4 fxe4 5. Nxe4 d5 6. Ng3 Nc6 7. Nf3 Qd6 8. c3 Nh6 9. Qd2 Nf7 10. Bf4 e5 11. dxe5 Ncxe5 12. Be2 Be6 13. O-O O-O-O 14. Rfe1 Rhe8 15. Rad1 Qf8 16. Nxe5 Nxe5 17. Bxe5 Bxe5 18. Qe3 Bxg3 19. Qxg3 Qf6 20. Bf3 c6 21. Rxe6 Rxe6 22. Bg4 Rd7 23. Qh3 1/2-1/2

[Event "CAT-chT 2020"]
[Site "Catalonia"]
[Date "2020.02.22"]
[Round "6.6"]
[White "Obon Temprano, Sergi"]
[Black "Rodriguez Adell, Aaron"]
[Result "1/2-1/2"]
[WhiteElo "2284"]
[BlackElo "2154"]
[Annotator "TA"]
[PlyCount "102"]
[EventDate "2020.01.18"]
[EventType "team-tourn"]
[EventCountry "ESP"]
[SourceTitle "playchess.com"]
[Source "ChessBase"]
[SourceQuality "1"]

{[%evp 17,102,41,20,10,12,10,50,-1,101,32,62,61,99,4,1,-10,-7,-45,-38,-55,-28,-38,-39,-45,-44,-39,-20,-12,-9,-13,-20,-18,-12,-13,-5,-3,18,0,0,0,0,0,0,0,0,0,0,0,0,-8,-8,-10,0,-4,4,-10,0,-6,0,0,0,0,0,0,0,0,0,0,0,-8,-8,-20,-8,-11,-18,-18,-8,-8,-8,-8,0,0,0,-8,-8,-8,-8]} 1. e4 c5 2. Nf3 e6 3. d4 cxd4 4. Nxd4 Nc6 5. Nc3 Qc7 6. Be3 a6 7. Bd3 Nf6 8. O-O b5 9. Nxc6 Qxc6 10. f3 {B48: Sicilian: Taimanov: 5 Nc3 Qc7 6 Be3 a6 without Be2.} Bc5 11. Qe1 {[#]} Qc7 $146 ({Predecessor:} 11... d6 12. Kh1 Bxe3 13. Qxe3 O-O 14. Rfd1 e5 {½-½ (14) Hammer,J (2583)-Andreikin,D (2648) Lubbock 2009}) 12. Kh1 (12. Bxc5 $14 Qxc5+ 13. Qf2 Qxf2+ 14. Kxf2) 12... b4 (12... Bxe3 $11 13. Qxe3 d6) 13. Nd1 (13. Bxc5 $16 Qxc5 14. Na4) 13... Bxe3 14. Nxe3 a5 15. Qh4 ({White should try} 15. a3 $16) 15... Ba6 $1 $11 16. Qg5 O-O 17. Rfc1 (17. Bxa6 {with more complications.} Rxa6 18. a3 Rc6 19. Rfd1 d5 20. axb4 axb4 21. exd5 Nxd5 22. Nxd5 exd5 23. c3) 17... h6 18. Qh4 Qc5 19. Qe1 Bxd3 20. cxd3 Qd4 21. Qe2 Rfc8 22. Rc4 {The position is equal.} Rxc4 23. dxc4 d6 24. Rd1 Qc5 25. Qd2 Rc8 26. b3 Rd8 27. Qd4 Qxd4 28. Rxd4 {[%mdl 4096] Endgame KRN-KRN} Rd7 29. Nc2 Kf8 30. Kg1 Ke7 31. Kf2 Rc7 32. Rd2 Nd7 33. Nd4 Nc5 34. Ke3 Rc8 35. f4 Ra8 36. f5 Rc8 37. g4 Nd7 38. Nb5 Rc6 39. h4 a4 40. g5 axb3 41. axb3 hxg5 42. hxg5 Nc5 43. Nd4 Ra6 44. Rb2 Ra3 45. Nc6+ Kd7 46. Nxb4 Rxb3+ 47. Rxb3 Nxb3 {KN-KN} 48. Nd3 Na5 49. Kd4 Nc6+ 50. Kc3 exf5 51. exf5 Ne7 {Accuracy: White = 82%, Black = 84%.} 1/2-1/2

[Event "CAT-chT 2020"]
[Site "Catalonia"]
[Date "2020.02.22"]
[Round "6.6"]
[White "Aranda Flores, Jordi"]
[Black "Brusi Noguera, Ricardo Ll."]
[Result "1-0"]
[WhiteElo "2171"]
[BlackElo "2124"]
[Annotator "ChessBase"]
[PlyCount "66"]
[EventDate "2020.01.18"]
[EventType "team-tourn"]
[EventCountry "ESP"]
[SourceTitle "playchess.com"]
[Source "ChessBase"]
[SourceQuality "1"]
[TimeControl "5400+30"]

1. Nf3 {[%emt 0:00:00]} Nf6 {[%emt 0:00:00]} 2. c4 {[%emt 0:00:00]} g6 {[%emt 0:00:03]} 3. b3 {[%emt 0:00:00]} Bg7 {[%emt 0:00:05]} 4. Bb2 {[%emt 0:00:00]} O-O {[%emt 0:00:26]} 5. d4 {[%emt 0:00:02]} d6 {[%emt 0:01:08]} 6. g3 {[%emt 0:00:07]} e5 {[%emt 0:01:04]} 7. dxe5 {[%emt 0:01:15]} Nfd7 {[%emt 0:00:31]} 8. Nc3 {[%emt 0:00:50]} dxe5 {[%emt 0:13:39]} 9. Qd2 Re8 10. h4 {[%emt 0:25:45]} e4 {[%emt 0:15:34]} 11. Ng5 {[%emt 0:10:21]} Nc5 12. Nd5 f6 {[%emt 0:21:24]} 13. Qc3 {[%emt 0:11:13]} h6 {[%emt 0:06:26]} 14. O-O-O Rf8 {[%emt 0:09:39]} 15. Qe3 {[%emt 0:17:39]} Nd3+ {[%emt 0:08:46]} 16. exd3 fxg5 {[%emt 0:02:05]} 17. Bxg7 {[%emt 0:04:28]} Kxg7 {[%emt 0:00:11]} 18. dxe4 {[%emt 0:05:09]} c6 19. Nc3 {[%emt 0:06:30]} Qf6 {[%emt 0:01:56]} 20. hxg5 {[%emt 0:00:53]} hxg5 {[%emt 0:00:27]} 21. e5 {[%emt 0:01:04]} Qf3 {[%emt 0:02:09]} 22. Qxf3 {[%emt 0:02:53]} Rxf3 {[%emt 0:00:54]} 23. Ne4 {[%emt 0:00:09]} Bf5 {[%emt 0:01:58]} 24. Nf6 {[%emt 0:00:22]} Kf7 {[%emt 0:05:43]} 25. Rd6 {[%emt 0:00:28]} Na6 {[%emt 0:04:09]} 26. Rh7+ {[%emt 0:02:45]} Kf8 {[%emt 0:00:12]} 27. Rh8+ {[%emt 0:00:21]} Kf7 {[%emt 0:01:00]} 28. Rxa8 {[%emt 0:00:51]} Rxf2 {[%emt 0:00:44]} 29. Bd3 {[%emt 0:03:32]} Nb4 {[%emt 0:00:55]} 30. Bxf5 {[%emt 0:02:10]} Nxa2+ {[%emt 0:00:34]} 31. Kd1 {[%emt 0:00:36]} Nc3+ {[%emt 0:01:38]} 32. Ke1 {[%emt 0:00:38]} Re2+ {[%emt 0:00:03]} 33. Kf1 {[%emt 0:00:20]} Rxe5 {[%emt 0:01:33]} 1-0

[Event "CAT-chT 2020"]
[Site "Catalonia"]
[Date "2020.02.22"]
[Round "6.7"]
[White "Lerch i Gallemi, Jose Ma."]
[Black "Leiro Giralt, Daniel"]
[Result "1/2-1/2"]
[WhiteElo "2113"]
[BlackElo "2173"]
[Annotator "ChessBase"]
[PlyCount "29"]
[EventDate "2020.01.18"]
[EventType "team-tourn"]
[EventCountry "ESP"]
[SourceTitle "playchess.com"]
[Source "ChessBase"]
[SourceQuality "1"]
[TimeControl "5400+30"]

1. e4 {[%emt 0:00:00]} e5 {[%emt 0:00:00]} 2. Nf3 {[%emt 0:00:00]} Nf6 {[%emt 0:00:00]} 3. d3 {[%emt 0:00:00]} c6 {[%emt 0:06:34]} 4. Nbd2 {[%emt 0:07:14]} Qc7 {[%emt 0:08:13]} 5. g3 {[%emt 0:02:06]} d5 {[%emt 0:03:00]} 6. Bg2 {[%emt 0:00:19]} Bd6 {[%emt 0:02:40]} 7. O-O {[%emt 0:00:13]} O-O 8. Re1 {[%emt 0:05:05]} Re8 {[%emt 0:07:19]} 9. Nh4 {[%emt 0:03:07]} Be6 {[%emt 0:23:03]} 10. Nf1 {[%emt 0:01:40]} Nbd7 {[%emt 0:09:05]} 11. h3 Bb4 12. Bd2 {[%emt 0:10:38]} Bxd2 {[%emt 0:12:56]} 13. Qxd2 {[%emt 0:00:16]} Rad8 {[%emt 0:01:00]} 14. g4 {[%emt 0:10:20]} dxe4 15. dxe4 1/2-1/2

[Event "CAT-chT 2020"]
[Site "Catalonia"]
[Date "2020.02.22"]
[Round "6.7"]
[White "Sirera Bargallo, Tomas"]
[Black "Perez Manas, Benjamin"]
[Result "0-1"]
[WhiteElo "2102"]
[BlackElo "2280"]
[Annotator "ChessBase"]
[PlyCount "80"]
[EventDate "2020.01.18"]
[EventType "team-tourn"]
[EventCountry "ESP"]
[SourceTitle "playchess.com"]
[Source "ChessBase"]
[SourceQuality "1"]
[TimeControl "5400+30"]

1. Nf3 Nf6 2. g3 c5 3. Bg2 Nc6 4. O-O g6 5. d3 Bg7 6. e4 O-O 7. Re1 e5 8. Bg5 h6 9. Bxf6 Bxf6 10. Nc3 d6 11. Nd5 Bg7 12. c3 Be6 13. Rb1 Ne7 14. c4 Nxd5 15. exd5 Bd7 16. b4 b6 17. bxc5 bxc5 18. Rb7 Qc8 19. Rb1 Qc7 20. Qb3 Rab8 21. Qa3 a5 22. Rb3 a4 23. Rbb1 Rb7 24. Nd2 Rfb8 25. h3 Qa5 26. Qc1 Rxb1 27. Nxb1 Qb4 28. Nc3 f5 29. Qc2 Qb2 30. Rc1 a3 31. Bf3 e4 32. dxe4 Qxc2 33. Rxc2 Rb2 34. Rc1 Bd4 35. Ne2 fxe4 36. Nxd4 exf3 37. Nxf3 Rxa2 38. g4 Rb2 39. Kg2 a2 40. Ra1 Ba4 0-1

[Event "CAT-chT 2020"]
[Site "Catalonia"]
[Date "2020.02.22"]
[Round "6.8"]
[White "Martinez Ramirez, Erik"]
[Black "Rofes Barcelo, Josep M."]
[Result "1-0"]
[WhiteElo "2229"]
[BlackElo "2080"]
[Annotator "ChessBase"]
[PlyCount "53"]
[EventDate "2020.01.18"]
[EventType "team-tourn"]
[EventCountry "ESP"]
[SourceTitle "playchess.com"]
[Source "ChessBase"]
[SourceQuality "1"]
[TimeControl "5400+30"]

1. e4 e6 2. Nf3 d5 3. Nc3 Nf6 4. e5 Nfd7 5. d4 h6 6. h4 c5 7. dxc5 Nc6 8. Bf4 Nxc5 9. a3 a5 10. h5 Bd7 11. Rh3 a4 12. Rg3 Qa5 13. Qd2 Ne4 14. Nxe4 dxe4 15. O-O-O Qc7 16. Nd4 Nxd4 17. Qxd4 Bc6 18. Rc3 Be7 19. Bb5 Rd8 20. Bxc6+ bxc6 21. Qxe4 Rxd1+ 22. Kxd1 O-O 23. Qxc6 Qa7 24. Ke1 Qb8 25. b4 Bg5 26. Bxg5 Qxe5+ 27. Be3 1-0